Carregant...

Numerical control and computer aided manufacturing

Dades bibliogràfiques
Autor principal: Kundra, T.K
Altres autors: Rao, P.N, Tewari,N.K
Format: Printed Book
Publicat: New Delhi Tata Mc Graw-Hill 1990
Edició:3rd. reprinnt
Matèries:
LEADER 00564cam a2200181ua 4500
020 |a 0-07-451740-6 
082 |a 621.902 3  |b KUN/N 
100 |a Kundra, T.K 
245 0 0 |a Numerical control and computer aided manufacturing  
250 |a 3rd. reprinnt 
260 |a New Delhi  |b Tata Mc Graw-Hill  |c 1990 
300 |a viii,191p. 
650 0 |a Engineering- Computer aided 
700 |a Rao, P.N 
700 0 2 |a Tewari,N.K 
942 |c BK 
999 |c 2358  |d 2358 
952 |0 0  |1 0  |4 0  |6 621_902000000000000_3_KUNN  |7 0  |9 2464  |a KUCL  |b KUCL  |d 2014-05-23  |l 0  |o 621.902 3 KUN/N  |p 05486  |r 2014-05-23  |y BK